Avengers: lovers - Statistics

General Stats
  • This quiz has been taken 78 times
  • The average score is 7 of 9
Answer Stats
Hero Who they love % Correct
Iron man Pepper
94%
Spiderman Mary Jane
92%
Captain america Peggy
91%
Scarlet witch Vision
91%
Starlord Gamora
89%
Thor Jane
88%
Hulk Natasha
74%
Captain america (after he is frozen) Sharon
67%
Odin Freya
8%
No matching quizzes found
Score Distribution
Percent of People with Each Score
Percentile by Number Answered
Your Score History
You have not taken this quiz